<?xml version='1.0' encoding='UTF-8'?>
  <record xmlns="http://www.loc.gov/MARC21/slim">
    <leader>00000ctm a2200000 a 4500</leader>
    <controlfield tag="001">ocn965406563</controlfield>
    <controlfield tag="003">OCoLC</controlfield>
    <controlfield tag="005">20250815174555.8</controlfield>
    <controlfield tag="008">150402q14001525xx            000 0 dut d</controlfield>
    <datafield tag="040" ind1=" " ind2=" ">
      <subfield code="a">QGJ</subfield>
      <subfield code="b">dut</subfield>
      <subfield code="c">QGJ</subfield>
      <subfield code="d">OCLCA</subfield>
      <subfield code="d">OCLCO</subfield>
      <subfield code="d">OCLCL</subfield>
      <subfield code="d">OCLCQ</subfield>
    </datafield>
    <datafield tag="035" ind1=" " ind2=" ">
      <subfield code="a">(OCoLC)965406563</subfield>
    </datafield>
    <datafield tag="041" ind1="1" ind2=" ">
      <subfield code="a">dut</subfield>
      <subfield code="a">fre</subfield>
      <subfield code="a">lat</subfield>
      <subfield code="a">fre</subfield>
      <subfield code="h">spa</subfield>
    </datafield>
    <datafield tag="100" ind1="0" ind2=" ">
      <subfield code="a">Vincent de Jacopijn.</subfield>
      <subfield code="4">aut</subfield>
    </datafield>
    <datafield tag="245" ind1="1" ind2="0">
      <subfield code="a">Korte kronijk van Brabant en Vlaanderen /</subfield>
      <subfield code="c">Vincent de Jacopijn.</subfield>
      <subfield code="f">UBU Hs. 1177 (Hs 6 E 9).</subfield>
    </datafield>
    <datafield tag="260" ind1=" " ind2=" ">
      <subfield code="a">[S.l.],</subfield>
      <subfield code="c">[1400-1525]</subfield>
    </datafield>
    <datafield tag="300" ind1=" " ind2=" ">
      <subfield code="a">323 fols. :</subfield>
      <subfield code="b">coats of arms ;</subfield>
      <subfield code="c">280 x 210.</subfield>
    </datafield>
    <datafield tag="336" ind1=" " ind2=" ">
      <subfield code="a">text</subfield>
      <subfield code="b">txt</subfield>
      <subfield code="2">rdacontent</subfield>
    </datafield>
    <datafield tag="337" ind1=" " ind2=" ">
      <subfield code="a">unmediated</subfield>
      <subfield code="b">n</subfield>
      <subfield code="2">rdamedia</subfield>
    </datafield>
    <datafield tag="338" ind1=" " ind2=" ">
      <subfield code="a">volume</subfield>
      <subfield code="b">nc</subfield>
      <subfield code="2">rdacarrier</subfield>
    </datafield>
    <datafield tag="340" ind1=" " ind2=" ">
      <subfield code="a">paper</subfield>
      <subfield code="k">1-2 columns, littera hybrida and littera cursiva.</subfield>
    </datafield>
    <datafield tag="500" ind1=" " ind2=" ">
      <subfield code="a">Preliminary title.</subfield>
    </datafield>
    <datafield tag="500" ind1=" " ind2=" ">
      <subfield code="a">Composite manuscript with texts copied in the 15th and beginning of the 16th century, owned (as a unity) by Lambert van der Burch, dean of the chaper of St. Mary, Utrecht (1542-1617). Lambert van der Burch probably brought the several parts together.</subfield>
    </datafield>
    <datafield tag="500" ind1=" " ind2=" ">
      <subfield code="a">Fol. 2: "Hier beghint de cronicke van brabant van vlaenderen als beschrijft Vincent de Jacopijn." Vincent de Jacopijn is probably Vincentius Bellovacensis.</subfield>
    </datafield>
    <datafield tag="500" ind1=" " ind2=" ">
      <subfield code="a">Contains also: Kronijk van Holland van "een onghenoemt clerc geboren vten lagen landen bider zee; Declaration des faits de Philippe de Bourgogne; La traictie de Peronne (conclu le 14 Octobre 1468 entre le Roi de France le Duc de Bourgogne; Trait©♭ de noblesse / Jaques de Val©·re (?) ; trad. par Hughes de Salve; Journal du recrouvement du Duch©♭ de Normandie etc. (depuis 1448); Le traictie de Liege fait a Liege (le 18 Novembre 1467 entre le Duc de Bourgogne et l'Ev©®que de Liege); Description du voyage et sejour d'Anthoine batard de Bourgogne, et d'autres chevaliers avec grande suite © Londres en 1465 pour assister © un tounoi, compos©♭e par un des participans © ce tournoi; L'emprize de la belle P©♭l©♭rine; Annotations h©♭raldiques concernant des nobles de Belgique et du nord de France; Croniques (de France, de 1403-1478); Vita et actus S. Zwitberti episcopi Verdensis / Marcellinus; Vita Henrici IV Ces. Aug.; Vita S. Adalberti confessoris.</subfield>
    </datafield>
    <datafield tag="500" ind1=" " ind2=" ">
      <subfield code="a">"Declaration des faits de Philippe de Bourgogne": the end is missing.</subfield>
    </datafield>
    <datafield tag="500" ind1=" " ind2=" ">
      <subfield code="a">"L'emprize de la belle P©♭l©♭rine": invitation to a tournament.</subfield>
    </datafield>
    <datafield tag="546" ind1=" " ind2=" ">
      <subfield code="a">"Trait©♭ de noblesse" translated from the Spanish.</subfield>
    </datafield>
    <datafield tag="524" ind1=" " ind2=" ">
      <subfield code="a">Cite as: Universiteitsbibliotheek Utrecht Hs. 1177 (Hs 6 E 9).</subfield>
    </datafield>
    <datafield tag="581" ind1=" " ind2=" ">
      <subfield code="a">P.A. Tiele, Catalogus codicum manu scriptorum Bibliothecae Universitatis Rheno-Trajectinae. I. Trajecti ad Rhenum / Hagae Comitis 1887. P. 281-283.</subfield>
    </datafield>
    <datafield tag="581" ind1=" " ind2=" ">
      <subfield code="a">E. Verwijs, J. Verdam &amp; F.A. Stoett, Middelnederlandsch woordenboek 10. Tekstcritiek ... en bouwstoffen ... 's-Gravenhage 1927-1941. Bouwstoffen 236.</subfield>
    </datafield>
    <datafield tag="581" ind1=" " ind2=" ">
      <subfield code="a">S. Anglo, 'Anglo-Burgundian feats of arms. Smithfield, June 1467', in: The Guildhall miscellany 2 (1965), p. 271-283. Passim (fol. 186-225).</subfield>
    </datafield>
    <datafield tag="581" ind1=" " ind2=" ">
      <subfield code="a">A. Commies, De reis van de bastaard van Bourgondië naar Engeland in juni van het jaar 1467. Doctoraalscriptie Groningen. 1977. Tekstuitgave (fol. 186-225).</subfield>
    </datafield>
    <datafield tag="581" ind1=" " ind2=" ">
      <subfield code="a">Croniques 1403-1513 / publ. par un groupe de travail sous la direction de R.E.V. Stuip. Utrecht 1977. tekstuitgave (fol. 256-261).</subfield>
    </datafield>
    <datafield tag="581" ind1=" " ind2=" ">
      <subfield code="a">M. Carasso-Kok, Repertorium van verhalende historische bronnen uit de middeleeuwen. Heiligenlevens, annalen, kronieken en andere in Nederland geschreven verhalende bronnen. 's-Gravenhage 1981. (= Bibliografische reeks van het Nederlands Historisch Genootschap 2). nr. 1 (fol. 316r-323v), 90 (fol. 262r-305v), 202 (fol. 36r-78v).</subfield>
    </datafield>
    <datafield tag="581" ind1=" " ind2=" ">
      <subfield code="a">G. Chastellain, Déclaration de tous les hauts faits et glorieuses adventures du duc Philippe de Bourgogne, celuy qui se nomme le Grand Duc et le Grand Lyon. Édition faite d'après le manuscrit Utrecht UB 1177 (6 E 9), f. 79v-86v / H. Krol. Scriptie Utrecht 1983. tekstuitgave (fol. 79v-89v).</subfield>
    </datafield>
    <datafield tag="581" ind1=" " ind2=" ">
      <subfield code="a">C.P.H.M. Tilmans, Aurelius en de Divisiekroniek van 1517. Historiografie en humanisme in de tijd van Erasmus. Dissertatie Groningen. Hilversum 1988. (= Hollandse studiën 21). P. 104.</subfield>
    </datafield>
    <datafield tag="581" ind1=" " ind2=" ">
      <subfield code="a">J. Tigelaar, 'Dese es van Behem coninck Jan. Een onbekende ererede over Jan de Blinde, graaf van Luxemburg, koning van Bohemen (1296-1346)', in: Queeste 10 (2003) 2, p. 146-161. p. 148-155, afb. op p. 155.</subfield>
      <subfield code="3">Fol. 24r-26r.</subfield>
    </datafield>
    <datafield tag="581" ind1=" " ind2=" ">
      <subfield code="a">N. Ramsay &amp; J.M.W. Willoughby, Hospitals, towns and the professions. London 2009. . (= Corpus of British medieval library catalogues 14). P. 198.</subfield>
    </datafield>
    <datafield tag="581" ind1=" " ind2=" ">
      <subfield code="a">S. Levelt, Jan van Naaldwijk's Chronicles of Holland. Continuity and transformation in the historical tradition of Holland during the early sixteenth century. Hilversum 2011 afb. 4 op p. 48 (fol. 36r.).</subfield>
    </datafield>
    <datafield tag="600" ind1="0" ind2="4">
      <subfield code="a">Suibertus,</subfield>
      <subfield code="c">apostolus Frisonum.</subfield>
    </datafield>
    <datafield tag="600" ind1="0" ind2="4">
      <subfield code="a">Hendrik</subfield>
      <subfield code="b">IV,</subfield>
      <subfield code="c">Rooms-Duits keizer,</subfield>
      <subfield code="d">1050-1106.</subfield>
    </datafield>
    <datafield tag="600" ind1="0" ind2="4">
      <subfield code="a">Adalbertus Egmondanus,</subfield>
      <subfield code="c">diaconus,</subfield>
      <subfield code="d">?-ca. 741.</subfield>
    </datafield>
    <datafield tag="655" ind1=" " ind2="7">
      <subfield code="a">Handschriften (vorm)</subfield>
      <subfield code="0">088143309</subfield>
      <subfield code="2">gtt</subfield>
    </datafield>
    <datafield tag="700" ind1="0" ind2=" ">
      <subfield code="a">Vincentius Bellovacensis.</subfield>
      <subfield code="e">attributed name.</subfield>
      <subfield code="4">att</subfield>
    </datafield>
    <datafield tag="700" ind1="1" ind2=" ">
      <subfield code="a">Valera, Diego de,</subfield>
      <subfield code="d">1412-1486,</subfield>
      <subfield code="e">attributed name.</subfield>
      <subfield code="4">att</subfield>
      <subfield code="1">https://id.oclc.org/worldcat/entity/E39PBJyMgttbFJMc4p7Yt67GpP</subfield>
    </datafield>
    <datafield tag="700" ind1="1" ind2=" ">
      <subfield code="a">Salve, Hughes de.</subfield>
      <subfield code="e">translator.</subfield>
      <subfield code="4">trl</subfield>
    </datafield>
    <datafield tag="700" ind1="0" ind2=" ">
      <subfield code="a">Marcellinus,</subfield>
      <subfield code="c">presbyter,</subfield>
      <subfield code="d">8e eeuw.</subfield>
      <subfield code="4">aut</subfield>
    </datafield>
    <datafield tag="700" ind1="1" ind2=" ">
      <subfield code="a">Burch, Lambert van der,</subfield>
      <subfield code="d">1542-1617,</subfield>
      <subfield code="e">former owner.</subfield>
      <subfield code="4">fmo</subfield>
      <subfield code="1">https://id.oclc.org/worldcat/entity/E39PBJxxkgkyFH6HWrcBvDYByd</subfield>
      <subfield code="5">NL-UtRU</subfield>
    </datafield>
    <datafield tag="700" ind1="1" ind2=" ">
      <subfield code="a">Buchelius, Arnoldus,</subfield>
      <subfield code="d">1565-1641,</subfield>
      <subfield code="e">former owner.</subfield>
      <subfield code="4">fmo</subfield>
      <subfield code="1">https://id.oclc.org/worldcat/entity/E39PBJvt97kGgrhYc6wBHv6BT3</subfield>
    </datafield>
    <datafield tag="700" ind1="1" ind2=" ">
      <subfield code="a">Renesse, Gerit van,</subfield>
      <subfield code="e">former owner</subfield>
      <subfield code="3">Fol. 37r - 78r.</subfield>
      <subfield code="4">fmo</subfield>
      <subfield code="5">NL-UtRU</subfield>
    </datafield>
    <datafield tag="700" ind1="1" ind2=" ">
      <subfield code="a">Renesse, Joris van,</subfield>
      <subfield code="e">former owner</subfield>
      <subfield code="3">Fol. 37r - 78r.</subfield>
      <subfield code="4">fmo</subfield>
      <subfield code="5">NL-UtRU</subfield>
    </datafield>
    <datafield tag="710" ind1="2" ind2=" ">
      <subfield code="a">Provinciaal Archief van Utrecht (Utrecht)</subfield>
      <subfield code="e">former owner.</subfield>
      <subfield code="4">fmo</subfield>
      <subfield code="5">NL-UtrU</subfield>
    </datafield>
    <datafield tag="740" ind1="0" ind2=" ">
      <subfield code="a">Clerc uten lagen landen.</subfield>
    </datafield>
    <datafield tag="758" ind1=" " ind2=" ">
      <subfield code="a">Korte kronijk van Brabant en Vlaanderen UBU Hs. 1177 (Hs 6 E 9) (Text)</subfield>
      <subfield code="1">https://id.oclc.org/worldcat/entity/E39PCFxX8hPctfcpXwXc4PVfRq</subfield>
      <subfield code="4">https://id.oclc.org/worldcat/ontology/hasWork</subfield>
    </datafield>
    <datafield tag="856" ind1="4" ind2="1">
      <subfield code="u">http://objects.library.uu.nl/reader/resolver.php?obj=002656211&amp;type=2</subfield>
      <subfield code="x">Online</subfield>
      <subfield code="z">Full Text</subfield>
    </datafield>
    <datafield tag="936" ind1=" " ind2=" ">
      <subfield code="a">BATCHLOAD</subfield>
    </datafield>
  </record>